| 000 | 01259cam a22004093a 4500 | ||
|---|---|---|---|
| 001 | 12731269 | ||
| 003 | OSt | ||
| 005 | 20140310182006.0 | ||
| 008 | 010523s2000 nyua b 000 1 eng d | ||
| 010 | _a 2002567922 | ||
| 020 | _a0439204208 | ||
| 020 | _a0439314313 | ||
| 020 | _a0439204240 | ||
| 035 | _a(OCoLC)ocm46995805 | ||
| 040 |
_aJJG _cJJG _dSLC _dDLC |
||
| 042 | _alccopycat | ||
| 050 | 0 | 0 |
_aPZ 10 _b.C237 2000, 2001 |
| 082 |
_aKF _bC17 2000, 2001 |
||
| 100 | 1 |
_aCapeci, Anne. _95521 |
|
| 245 | 1 | 4 |
_aThe Magic School Bus / _cAnne Capeci. |
| 260 |
_aNew York : _bScholastic Inc., _cc2000, c2001. |
||
| 300 |
_a76 p. : _bill. ; _c19 cm. |
||
| 490 | 0 |
_aMagic school bus science chapter book ; _v#6 |
|
| 541 | _j1 | ||
| 541 | _j1 | ||
| 562 | _e2 | ||
| 650 | 0 |
_aMicroorganisms _vJuvenile literature. _95522 |
|
| 650 | 0 |
_aLife _xorigin _xScince _xfiction. _95523 |
|
| 655 | 7 |
_aChildren's stories. _2lcsh _93012 |
|
| 700 | 1 |
_aSpeirs, John. _95524 |
|
| 710 | 2 |
_aCopyright Paperback Collection (Library of Congress) _5DLC _9705 |
|
| 830 |
_athe giant germ _95525 |
||
| 830 |
_ainsect invaders _95526 |
||
| 906 |
_a7 _bcbc _ccopycat _d2 _encip _f20 _gy-genrareb |
||
| 942 |
_2lcc _cBK-KF _kKF |
||
| 999 |
_c8063 _d8063 |
||